000 00246nam a2200109Ia 4500
008 190914s9999||||xx |||||||||||||| ||und||
100 _aSullivan,Michael
245 0 _aPrecalculus
260 _aLondon
_bAddison
_c2001
300 _a156
942 _cBK
999 _c8475
_d8475